[Event "Oberhausen Easter Open"]
[Site "Oberhausen GER"]
[Date "2011.04.24"]
[Round "5.4"]
[White "Hirschberg,V"]
[Black "Becker,Marce"]
[Result "1/2-1/2"]
[WhiteElo "2223"]
[BlackElo "2387"]

1.Nf3 d5 2.c4 c6 3.g3 Nf6 4.Bg2 Bg4 5.cxd5 cxd5 6.Ne5 Bc8 7.Nc3 Nc6 8.Qa4 Bd7
9.Nxd7 Qxd7 10.d4 e6 11.O-O Be7 12.Rd1 O-O 13.e4 dxe4 14.d5 exd5 15.Nxd5 Nxd5
16.Qxe4 Rad8 17.Rxd5 Qxd5 18.Qxd5 Rxd5 19.Bxd5 Rd8 20.Bf3 Nd4 21.Bd1 b6 22.Be3 Nf5
23.Bf4 Bf6 24.Bg4 Ne7 25.Re1 Nd5 26.Rd1 Nxf4 27.Rxd8+ Bxd8  1/2-1/2

[Event "17th Asian Cities"]
[Site "Jakarta INA"]
[Date "2011.04.25"]
[Round "4.7"]
[White "Sanjay,N"]
[Black "Tan,Tze Lin Tommy"]
[Result "1-0"]
[WhiteElo "2335"]
[BlackElo "1704"]

1.Nf3 d5 2.c4 c6 3.d4 Nf6 4.Qc2 e6 5.Bg5 Nbd7 6.cxd5 cxd5 7.Nc3 a6 8.a4 Bd6
9.e3 O-O 10.Bd3 h6 11.Bh4 b6 12.O-O Bb7 13.Rfc1 Qe7 14.Qb3 Rfc8 15.Rc2 Rc7
16.Bg3 Bxg3 17.hxg3 Rac8 18.a5 b5 19.Na2 Rxc2 20.Bxc2 Qd8 21.Nb4 Ne8 22.Qd3 Ndf6
23.Ne5 Nd6 24.Qd1 Qc7 25.Ned3 Nfe4 26.Qe1 Nc4 27.g4 Nxa5 28.f3 Nd6 29.Nc5 Ra8
30.Nbxa6 Bxa6 31.Qxa5 Qxa5 32.Rxa5 Bb7 33.Nxb7 Rxa5 34.Nxa5 Kf8 35.Bd3 Ke7
36.e4 dxe4 37.fxe4 f6 38.e5 fxe5 39.dxe5 Nf7 40.Nc6+ Kd7 41.Bxb5 Kc7 42.b4 Ng5
43.Nd4 g6 44.Be8 Kd8 45.Bxg6 Kd7 46.Kf2 Ke7 47.Kg3  1-0

[Event "9th V Nabokov IM"]
[Site "Kyiv UKR"]
[Date "2011.04.25"]
[Round "9.3"]
[White "Matorin,E"]
[Black "Dolzhikova,K"]
[Result "0-1"]
[WhiteElo "2224"]
[BlackElo "2265"]

1.Nf3 d5 2.c4 c6 3.b3 Nf6 4.g3 Bg4 5.Bg2 Nbd7 6.Bb2 Qc7 7.d4 e6 8.O-O Be7
9.Nbd2 O-O 10.h3 Bh5 11.a3 Rad8 12.b4 Ne4 13.Qc2 Nxd2 14.Qxd2 dxc4 15.a4 b5
16.axb5 cxb5 17.Ra5 Rc8 18.Bc3 Qb6 19.Rfa1 Rc7 20.d5 Bxf3 21.Bxf3 exd5 22.Qxd5 Bf6
23.Bxf6 Nxf6 24.Qxb5 c3 25.Qa4 Rd8 26.Ra6 Qd4 27.Rxa7 Rxa7 28.Qxa7 Qxa7  0-1

[Event "8th Balagne Open"]
[Site "Calvi FRA"]
[Date "2011.04.26"]
[Round "1.4"]
[White "Mirzoev,A"]
[Black "Szymanski,P2"]
[Result "1-0"]
[WhiteElo "2571"]
[BlackElo "1856"]

1.Nf3 d5 2.c4 c6 3.b3 Nf6 4.Bb2 g6 5.g3 Bg7 6.Bg2 O-O 7.O-O Bg4 8.d3 Re8
9.Nbd2 Nbd7 10.h3 Bxf3 11.Nxf3 Qc7 12.Rc1 e6 13.Rc2 Nh5 14.Bxg7 Nxg7 15.Qa1 Qd6
16.Rfc1 Rac8 17.Qb2 c5 18.e3 Nf5 19.d4 b6 20.dxc5 bxc5 21.Rd2 Ne7 22.h4 a5
23.Ng5 Qb6 24.cxd5 h6 25.dxe6  1-0

[Event "17th Asian Cities"]
[Site "Jakarta INA"]
[Date "2011.04.28"]
[Round "9.3"]
[White "Ghaem Maghami,E"]
[Black "So,W"]
[Result "1/2-1/2"]
[WhiteElo "2606"]
[BlackElo "2667"]

1.Nf3 d5 2.c4 c6 3.cxd5 cxd5 4.d4 Nf6 5.Nc3 Nc6 6.Bf4 Bf5 7.e3 e6 8.Bd3 Bxd3
9.Qxd3 Bd6 10.Bxd6 Qxd6 11.O-O O-O 12.Qb5 Qb4 13.Rfc1 Rfc8 14.Qxb4 Nxb4 15.Ne5 Nc6
16.Nd3 Na5 17.b3 Nd7 18.Kf1 Kf8 19.Ke2 Ke7 20.Kd2 Kd8 21.f3 Rc6 22.Nb5 Rb6
23.Nc3 Rc6 24.Na4 b6 25.Nc3 a6 26.Na4 Rac8 27.Nb4 Rxc1 28.Rxc1 b5 29.Nc5 Nxc5
30.Rxc5 Ra8 31.e4  1/2-1/2

[Event "43rd TCh-ITA 2011"]
[Site "Spoleto ITA"]
[Date "2011.04.30"]
[Round "6"]
[White "Braga,F"]
[Black "Zimina,O"]
[Result "1/2-1/2"]
[WhiteElo "2447"]
[BlackElo "2346"]

1.Nf3 d5 2.c4 c6 3.e3 Nf6 4.d4 e6 5.Nbd2 c5 6.dxc5 Bxc5 7.a3 O-O 8.Bd3 a5
9.O-O Nc6 10.b3 Qe7 11.Bb2 Rd8 12.Qc2 d4 13.exd4 Nxd4 14.Nxd4 Bxd4 15.Bxd4 Rxd4
16.Nf3 Rd8 17.Ne5 h6 18.Qe2 Bd7 19.Rfd1 Be8 20.Qe3 Rac8 21.Qb6 Qc5 22.Qxc5 Rxc5
23.f4 Rcc8 24.Kf2 Kf8 25.Ke3 Ke7 26.Be2 Nd7 27.Nf3 Nb6 28.Rxd8 Kxd8 29.Kd4 Ke7
30.b4 Rd8+ 31.Kc3 Ra8 32.Rb1 axb4+ 33.axb4 Ra2 34.Re1 Ra3+ 35.Kd4 f6 36.Bd3 Na8
37.Nh4 g5 38.Nf5+  1/2-1/2

[Event "Ostravsky Konik A"]
[Site "Ostrava CZE"]
[Date "2011.05.04"]
[Round "5.25"]
[White "Zakharchenko,A"]
[Black "Stehlik,Jiri"]
[Result "1-0"]
[WhiteElo "2205"]
[BlackElo "1990"]

1.Nf3 d5 2.c4 c6 3.e3 Nf6 4.Nc3 g6 5.d4 Bg7 6.Bd3 O-O 7.O-O e6 8.Qe2 Nbd7
9.Rd1 b6 10.e4 dxe4 11.Nxe4 Nxe4 12.Qxe4 Bb7 13.Bg5 Bf6 14.Qh4 Re8 15.Rac1 Bxg5
16.Nxg5 Nf6 17.Be4 Kg7 18.Bf3 h6 19.Ne4 Nxe4 20.Qxe4 Qf6 21.Qe5 Rad8 22.c5 b5
23.Qc7 Qe7 24.Qa5 Rd7 25.a4 a6 26.Rd2 Qd8 27.Qc3 Qf6 28.Rcd1 Red8 29.axb5 axb5
30.g3 b4 31.Qe3 Kg8 32.Kg2 Kh7 33.h4 Ba8 34.h5 gxh5 35.Bxh5 Qg5 36.Be2 Qxe3
37.fxe3 Rd5 38.Bc4 Rg5 39.Rf2 Kg7 40.Rdf1 Rd7 41.Ra1 Bb7 42.Ra4 e5 43.Rxb4 f6
44.Be6 Re7 45.Bf5 exd4 46.Rxd4 Ba6 47.e4 Rb7 48.Rfd2 Re7 49.Rd7 Kf7 50.Rxe7+ Kxe7
51.Rd7+ Kf8 52.Rd6 Bb5 53.Rxf6+ Kg7 54.Rd6 h5 55.Kf3 Kf8 56.Kf4 Rg7 57.Rd8+ Ke7
58.Rd7+ Kf8 59.Rxg7 Kxg7 60.Ke5 Kf7 61.Kd6  1-0

[Event "TCh-POL Ekstraliga"]
[Site "Wroclaw POL"]
[Date "2011.05.06"]
[Round "1.2"]
[White "Markowski,T"]
[Black "Hracek,Z"]
[Result "1/2-1/2"]
[WhiteElo "2616"]
[BlackElo "2629"]

1.Nf3 d5 2.c4 e6 3.g3 dxc4 4.Qa4+ c6 5.Qxc4 b5 6.Qb3 Bb7 7.Bg2 Nd7 8.O-O a6
9.d4 c5 10.Rd1 Ngf6 11.Bg5 Qb6 12.Bxf6 Nxf6 13.Nbd2 Be7 14.Ne5 Bxg2 15.Kxg2 O-O
16.dxc5 Bxc5 17.Qf3 Bd4 18.Nd3 Rad8 19.Rac1 e5 20.Ne4 Nxe4 21.Qxe4 f5 22.Qc6 Qxc6+
23.Rxc6 e4 24.Nf4 Bxb2 25.Rxd8 Rxd8 26.Rxa6 Be5 27.Ne6 Rd5 28.h4 h6 29.e3 Kf7
30.h5 Ke7 31.Nf4  1/2-1/2

[Event "TCh-POL Ekstraliga"]
[Site "Wroclaw POL"]
[Date "2011.05.06"]
[Round "1.4"]
[White "Slaby,Je"]
[Black "Urban,K"]
[Result "1-0"]
[WhiteElo "2481"]
[BlackElo "2464"]

1.Nf3 d5 2.c4 e6 3.g3 g6 4.Bg2 Bg7 5.O-O Ne7 6.Qc2 d4 7.d3 c5 8.e3 Nec6 9.exd4 cxd4
10.Bd2 a5 11.Na3 Na6 12.Nb5 O-O 13.a3 h6 14.c5 Rb8 15.Nd6 Bd7 16.Rab1 b5
17.cxb6 Qxb6 18.Nc4 Qb3 19.Qc1 g5 20.Nxg5 hxg5 21.Bxc6 Bxc6 22.Nxa5 Qxd3
23.Nxc6 Rb5 24.Ne7+ Kh8 25.Bxg5 Nc5 26.Bf6 Qh7 27.Qg5 Re8 28.Bxg7+ Qxg7 29.Qh4+ Qh7
30.Qxd4+ Qg7 31.Qc4 Rb7 32.Qxc5 Rbxe7 33.b4 e5 34.Rbd1 Qg5 35.Rd5 Kg7 36.f4 Qg4
37.fxe5 Qe4 38.Qd4 Qxd4+ 39.Rxd4 Rxe5 40.Rd7  1-0

[Event "ch-UKR semi-final"]
[Site "Alushta UKR"]
[Date "2011.05.07"]
[Round "5.13"]
[White "Iljin,T"]
[Black "Ljukin,S"]
[Result "1-0"]
[WhiteElo "2494"]
[BlackElo "2360"]

1.Nf3 d5 2.c4 c6 3.g3 Nf6 4.Bg2 Bf5 5.cxd5 cxd5 6.Qb3 Qd7 7.Nc3 Nc6 8.d4 e6
9.Ne5 Nxe5 10.dxe5 Ne4 11.Nxe4 dxe4 12.O-O Bc5 13.Be3 Bxe3 14.Qxe3 Qd5 15.Rfd1 Qxe5
16.Qa3 Rc8 17.Rac1 Rc6 18.Rxc6 bxc6 19.e3 h5 20.h4 c5 21.Qa4+ Ke7 22.Qxa7+ Kf6
23.Rd7 Qxb2 24.Rxf7+ Kg6 25.Rb7 Qa1+ 26.Kh2 Rc8 27.Qa4 Qe5 28.Qd7 Rb8 29.Rxb8 Qxb8
30.Bxe4 Qe5 31.Qe8+ Kh6 32.Qh8+ Kg6 33.Bf3 Be4 34.Be2 Qf5 35.Qe8+ Kh6 36.Kg1 c4
37.Bxc4 Qf3 38.Qxe6+ g6 39.Qh3 Qd1+ 40.Qf1 Qf3 41.Kh2 g5 42.hxg5+ Kxg5 43.Be2 Qf7
44.f3 Bb7 45.Qd1  1-0

[Event "TCh-POL Ekstraliga"]
[Site "Wroclaw POL"]
[Date "2011.05.07"]
[Round "2.5"]
[White "Markowski,T"]
[Black "Navara,D"]
[Result "1/2-1/2"]
[WhiteElo "2616"]
[BlackElo "2702"]

1.Nf3 d5 2.c4 d4 3.b4 g5 4.Qa4+ c6 5.d3 g4 6.Nfd2 Bg7 7.g3 h5 8.h4 b5 9.cxb5 Qd5
10.Rg1 cxb5 11.Qc2 Bb7 12.a4 Nf6 13.axb5 Qxb5 14.Na3 Qd7 15.Ndc4 O-O 16.Bd2 Rc8
17.Bg2 Nd5 18.Qb3 Nc6 19.b5 Ne5 20.Na5 Nf3+ 21.exf3 Qe6+ 22.Kf1 gxf3 23.Bxf3 Ne3+
24.fxe3 Qf6 25.e4 Qxf3+ 26.Ke1 Bxe4 27.Qd1 Qxd3 28.Qe2 Qxe2+ 29.Kxe2 d3+
30.Ke3 Bxa1 31.Kxe4 Bc3 32.Kxd3 Bxd2 33.Kxd2 Rc5 34.N5c4 Rd8+ 35.Kc3 Rf5
36.Kb4 Rd3 37.g4 hxg4 38.Rxg4+ Kf8 39.Na5 e5 40.N3c4 Rf4 41.Rg5 f6 42.Rg6 Rh3
43.Kc5 Rhxh4 44.Nd6 e4 45.Nac4 Rhg4 46.Rxg4  1/2-1/2

[Event "ch-CAN"]
[Site "Guelph CAN"]
[Date "2011.05.08"]
[Round "5"]
[White "Dougherty,M"]
[Black "Thavandiran,S"]
[Result "0-1"]
[WhiteElo "2207"]
[BlackElo "2335"]

1.Nf3 d5 2.c4 d4 3.e3 Nc6 4.exd4 Nxd4 5.Nxd4 Qxd4 6.d3 e5 7.Nc3 Ne7 8.Be3 Qd6
9.Nb5 Qd8 10.d4 c6 11.Nc3 Nf5 12.dxe5 Nxe3 13.Qxd8+ Kxd8 14.fxe3 Bc5 15.Ne4 Bxe3
16.Nd6 Be6 17.Bd3 g6 18.Rd1 Kc7 19.Rf1 f5 20.Be2 h5 21.Rf3 Bg1 22.h4 a6 23.g3 Bc5
24.a3 Rad8 25.Rfd3 a5 26.Kf1 Rhf8 27.Kg2 b6 28.R1d2 Rd7 29.Kf3 Rfd8 30.Kf4 Bxd6
31.exd6+ Rxd6 32.c5 Rxd3 33.cxb6+ Kxb6 34.Rxd3 Re8 35.Bf3 Bd5 36.Bxd5 cxd5
37.Kg5 Kc5 38.Rc3+ Kd4 39.Kxg6 Ke4 40.b4 d4 41.Rc1 Rg8+ 42.Kxh5 d3 43.Re1+ Kf3
44.Rf1+ Ke2 45.Rxf5 Rd8 46.Rc5 d2 47.Rc2 a4 48.Kg6 Kd3 49.Rxd2+ Kxd2 50.g4 Kc3
51.g5 Kb3 52.Kf7 Kxa3 53.g6 Kxb4 54.g7 a3 55.g8=Q Rxg8 56.Kxg8 a2 57.h5 a1=Q
58.h6 Qa2+ 59.Kg7 Qb2+  0-1

[Event "Sten Open"]
[Site "Hradec Kralove CZE"]
[Date "2011.05.09"]
[Round "2"]
[White "Plischki,S"]
[Black "Kotva,M"]
[Result "1-0"]
[WhiteElo "2332"]
[BlackElo "2042"]

1.Nf3 d5 2.c4 c6 3.e3 Nf6 4.Nc3 a6 5.d4 b5 6.c5 Bf5 7.Ne5 g6 8.Be2 Bg7 9.O-O O-O
10.Bd2 Qc7 11.f4 Ne4 12.Nxe4 Bxe4 13.a4 f6 14.Nd3 Nd7 15.Nf2 Bf5 16.g4 Be6
17.Be1 Bf7 18.Nd3 e5 19.Bg3 e4 20.f5 Qb7 21.Nf4 Rfe8 22.b4 Nf8 23.Ra2 gxf5
24.gxf5 Qc8 25.Nh5 Bxh5 26.Bxh5 Re7 27.Qg4 Kh8 28.Bf4 Raa7 29.Kh1 h6 30.Rg1 Nh7
31.h4 Rad7 32.a5 Qf8 33.Rag2 Ra7 34.Bg6 Qg8 35.Qh5  1-0

[Event "ch-UKR semi-final"]
[Site "Alushta UKR"]
[Date "2011.05.11"]
[Round "9.51"]
[White "Sergienko,Vladislav"]
[Black "Tkachova,A"]
[Result "1-0"]
[WhiteElo "2200"]
[BlackElo "1969"]

1.Nf3 d5 2.c4 e6 3.g3 Nf6 4.Bg2 Bd6 5.O-O O-O 6.d4 b6 7.Nc3 c6 8.b3 Bb7 9.Bb2 Nbd7
10.Re1 c5 11.Nb5 Bb8 12.cxd5 Bxd5 13.Nc3 Bb7 14.e4 e5 15.d5 Ne8 16.Qe2 Nd6
17.Rad1 a6 18.Nd2 b5 19.f4 f6 20.Nf3 Ba7 21.Kh1 Qe7 22.fxe5 fxe5 23.Bc1 Nf7
24.a4 b4 25.Nb1 a5 26.Nbd2 Bb8 27.Nc4 Bc7 28.Be3 Ba6 29.d6 Bxd6 30.Nxd6 Nxd6
31.Qd2 Rf6 32.Qd5+ Kh8  1-0

[Event "Sten Open"]
[Site "Hradec Kralove CZE"]
[Date "2011.05.11"]
[Round "4"]
[White "Ivanov,MM"]
[Black "Fiedler,Be"]
[Result "1-0"]
[WhiteElo "2424"]
[BlackElo "2127"]

1.Nf3 d5 2.c4 c6 3.e3 Nf6 4.Qc2 g6 5.b4 Bg7 6.Bb2 O-O 7.a3 a5 8.b5 Bf5 9.Qc3 Nbd7
10.a4 e5 11.Be2 Re8 12.O-O d4 13.exd4 exd4 14.Nxd4 Bxb1 15.bxc6 bxc6 16.Raxb1 c5
17.Nc6 Qc7 18.Bf3 Ra6 19.Rfe1 Rxc6 20.Bxc6 Qxc6 21.Qxa5 Ra8 22.Qb5 Qd6 23.h3 h6
24.Bc3 Nh5 25.a5 Nf4 26.Qb7 Rb8 27.Qf3 Ne6 28.Rxb8+ Nxb8 29.Rb1 Kh7 30.Qd5  1-0

[Event "9th Somov Mem"]
[Site "Kirishi RUS"]
[Date "2011.05.13"]
[Round "6"]
[White "Usmanov,V"]
[Black "Styazhkina,A"]
[Result "1-0"]
[WhiteElo "2289"]
[BlackElo "2026"]

1.Nf3 d5 2.c4 d4 3.c5 Nc6 4.Qa4 e6 5.b4 Bd7 6.b5 Nce7 7.Nxd4 c6 8.e4 e5 9.Nf3 Ng6
10.bxc6 Bxc6 11.Bb5 N8e7 12.d4 exd4 13.Nxd4 Qd7 14.Nxc6 Nxc6 15.Be3 Be7 16.Nc3 O-O
17.O-O a6 18.Rad1 Qe6 19.Bc4 Qe5 20.Nd5 Rad8 21.f4 Qb8 22.Bxa6 Qa7 23.Bb5 Bxc5
24.Qxa7 Bxa7 25.Bxa7 Nxa7 26.Bc4 Nc6 27.Bb3 Rfe8 28.e5 Kf8 29.g3 Nge7 30.Nxe7 Kxe7
31.Rxd8 Rxd8 32.Rd1 Rc8 33.Kf2 Na5 34.Ke3 g6 35.Bd5 h5 36.Rb1 h4 37.Rb5 b6
38.Rxb6 hxg3 39.hxg3 Rc3+ 40.Kd2 Rc5 41.Bb3 Rc7 42.Kd3 Nb7 43.Bd5 Nc5+ 44.Kd4 Nd7
45.Rb7 Rc1 46.a4 Rd1+ 47.Kc4 Rc1+ 48.Kb4 Kd8 49.a5 Rb1+ 50.Ka3 Ra1+ 51.Ba2 Rg1
52.a6 Rxg3+ 53.Bb3 Nc5 54.a7  1-0

[Event "ch-Euro Indiv Women"]
[Site "Tbilisi GEO"]
[Date "2011.05.15"]
[Round "8"]
[White "Zhukova,N"]
[Black "Krivec,J"]
[Result "1-0"]
[WhiteElo "2428"]
[BlackElo "2296"]

1.Nf3 d5 2.c4 c6 3.d4 Nf6 4.Nc3 a6 5.Qb3 e6 6.Bg5 Nbd7 7.e4 dxe4 8.Nxe4 Be7
9.Nxf6+ Bxf6 10.Bxf6 Qxf6 11.O-O-O O-O 12.Qe3 c5 13.dxc5 Qf5 14.Bd3 Qxc5
15.Qxc5 Nxc5 16.Bc2 a5 17.Rd6 Rb8 18.Rhd1 b6 19.Ne5 g6 20.f3 Kg7 21.Rc6 Rb7
22.Rdd6 f6 23.Nd3 Nd7 24.Ba4 e5 25.b3 Kf7 26.Bb5 Ke7 27.Nb2 f5 28.Na4 Nb8
29.Rxb6 Rxb6 30.Rxb6 Nd7 31.Bxd7 Bxd7 32.Nc5 Bc8 33.Rb5 Kd6 34.Rxa5 Kc6 35.b4 Re8
36.Kd2 e4 37.fxe4 fxe4 38.Ke3 h5 39.Nb3 Kb6 40.Rg5 Bf5 41.Nd4 Re5 42.g3 Kc7
43.h3 Kd6 44.g4  1-0

[Event "ch-Euro Indiv Women"]
[Site "Tbilisi GEO"]
[Date "2011.05.15"]
[Round "8"]
[White "Ushenina,A"]
[Black "Gvetadze,Sopi"]
[Result "1/2-1/2"]
[WhiteElo "2468"]
[BlackElo "2330"]

1.Nf3 d5 2.c4 c6 3.e3 Nf6 4.Nc3 a6 5.Qc2 b5 6.b3 g6 7.Bb2 Bf5 8.Qc1 Bg7 9.cxd5 cxd5
10.a4 b4 11.Ne2 Nbd7 12.Ned4 Rc8 13.Qd1 Qb6 14.Nxf5 gxf5 15.a5 Qd6 16.Qb1 e6
17.Be2 O-O 18.O-O Qc6 19.Bd4 Ne4 20.Bxg7 Kxg7 21.Qb2+ Kg8 22.Nd4 Qd6 23.f3 Nec5
24.Nc2 Nb7 25.Ra4 Ndc5 26.Ra2 Rb8 27.d4 Nd7 28.Ra4 Nd8 29.Qc1 Nc6 30.Bxa6 Nxd4
31.exd4 Qxa6 32.Nxb4 Qd6 33.Qd2 Rb5 34.Rc1 Ra8 35.Rc6 Qb8 36.Na6 Qb7 37.Rc7 Qxa6
38.Rxd7 Rf8 39.Qg5+ Kh8 40.Qf6+ Kg8 41.Qg5+ Kh8 42.Qe7 Rbb8 43.h4 Qe2 44.Qf6+ Kg8
45.Ra1 Qb2 46.Rf1 Rbc8 47.Kh1 h6 48.Rg1 Rc1 49.Qxh6 Rxg1+ 50.Kxg1 Qxb3 51.Kh2 Qa4
52.Qg5+ Kh7 53.Qh5+ Kg7 54.Qg5+ Kh7 55.Qe7 Qxd4 56.a6 Kg7 57.a7 Qe5+ 58.Kh3 Qa1
59.Qxf8+ Kxf8 60.Rd8+ Ke7 61.a8=Q Qh1+ 62.Kg3 Qe1+ 63.Kh3 Qh1+ 64.Kg3 Qe1+
65.Kh3 Qh1+ 66.Kg3 Qe1+  1/2-1/2

[Event "ch-Moscow KO"]
[Site "Moscow RUS"]
[Date "2011.05.18"]
[Round "1.3"]
[White "Belous,V"]
[Black "Seliverstov,Vl"]
[Result "1/2-1/2"]
[WhiteElo "2519"]
[BlackElo "2355"]

1.Nf3 d5 2.c4 c6 3.b3 Nf6 4.Bb2 Bf5 5.d3 Nbd7 6.Nbd2 h6 7.g3 e6 8.Bg2 Bd6
9.O-O Bh7 10.Re1 Qe7 11.a3 a5 12.Qc2 O-O 13.e4 dxe4 14.Nxe4 Nxe4 15.dxe4 e5
16.Qc3 Rfe8 17.Nh4 Bc5 18.Rad1 Red8 19.Rd3 Nf6 20.Rxd8+ Qxd8 21.Nf3 Ng4 22.Rf1 Qb6
23.Qc2 Rd8 24.h3 Bxf2+ 25.Kh1 Nf6 26.Qxf2 Qxf2 27.Rxf2 Nxe4 28.Kg1 Nxf2 29.Kxf2 f6
30.Bf1 Bc2 31.Bc3 Bxb3 32.Bxa5 Rd7 33.Nd2 Bc2 34.Ke3 Bf5 35.c5 Kf7 36.Nc4 Be6
37.Nd6+ Ke7 38.g4 Bd5 39.Bd3 b5 40.Bf5 Rxd6 41.cxd6+ Kxd6 42.h4 c5 43.Bd3 Bc6
44.Be2 Bd7 45.Ke4 Ke6 46.Ke3 Kd6 47.Bd8 Bc6 48.Bb6 Be8 49.Bf3 Bd7 50.Ba7 b4
51.Bb8+ Ke7 52.axb4 cxb4 53.Kd3 Be6 54.Bc7 Kf7 55.Ba5 b3 56.Bd2 f5 57.gxf5 Bxf5+
58.Kc3 Be6 59.Be4 Kf6 60.Bf3 g5 61.hxg5+  1/2-1/2

[Event "ch-Euro Indiv Women"]
[Site "Tbilisi GEO"]
[Date "2011.05.18"]
[Round "11"]
[White "Mkrtchian,L"]
[Black "Lomineishvili,M"]
[Result "1-0"]
[WhiteElo "2468"]
[BlackElo "2376"]

1.Nf3 d5 2.c4 d4 3.g3 Nc6 4.Bg2 e5 5.d3 Nf6 6.O-O a5 7.e3 Be7 8.exd4 exd4
9.Na3 O-O 10.Nb5 Ne8 11.Bf4 Bf6 12.Re1 Be6 13.h3 h6 14.Kh2 g5 15.Bc1 Ne7
16.b3 c6 17.Na3 Ng6 18.Nc2 Ng7 19.Ba3 Re8 20.Nd2 Qc7 21.Ne4 Be5 22.Nc5 Bf5
23.Kg1 Rad8 24.Re2 b6 25.Ne4 Qc8 26.Qf1 Be6 27.Ne1 f5 28.Nd2 Nh5 29.Bf3 Nf6
30.Nc2 h5 31.Rae1 Qc7 32.Bg2 g4 33.f4 gxf3 34.Nxf3 Bc8 35.Nxe5 Rxe5 36.Rxe5 Nxe5
37.Qf4 Re8 38.Nxd4 c5 39.Nc2 Re7 40.Bb2 Nxd3 41.Qxc7 Rxc7 42.Bxf6 Nxe1 43.Nxe1 Bb7
44.Kf2 Bxg2 45.Nxg2 a4 46.Ne3 axb3 47.axb3 Ra7 48.Bd8 Ra3 49.Bxb6 Rxb3 50.Bxc5 h4
51.Nxf5 hxg3+ 52.Kg2 Kf7 53.Ne3 Ke6 54.Kxg3 Ke5 55.Kf3 Rb7 56.Ng4+ Kf5 57.Bf2 Rb3+
58.Be3 Rc3 59.c5 Rc4 60.Nf2 Ke5 61.Nd3+ Kf5 62.Nf4 Kg5 63.Ng2+ Kf5 64.h4 Kg6
65.Nf4+ Kf5 66.h5 Rc2 67.h6 Rh2 68.Ne2 Ke6 69.Ng3 Kd5 70.Kg4 Rxh6 71.Bxh6 Kxc5
72.Kf5 Kd5 73.Bg7 Kd6 74.Ke4 Kc6 75.Nf5 Kc5 76.Be5 Kc6 77.Kd4 Kb5 78.Bd6 Kc6
79.Kc4 Kd7 80.Kd5 Kc8 81.Kc6 Kd8 82.Be5 Kc8 83.Ne7+ Kd8 84.Kd6 Ke8 85.Ke6 Kd8
86.Bf4 Ke8 87.Bc7 Kf8 88.Nf5 Ke8 89.Ng7+ Kf8 90.Kf6 Kg8 91.Kg6 Kf8 92.Bd6+ Kg8
93.Nf5 Kh8 94.Bc5 Kg8 95.Nh6+  1-0

[Event "20th Croatian Cup"]
[Site "Sibenik CRO"]
[Date "2011.05.19"]
[Round "2.43"]
[White "Voscilla,A"]
[Black "Fercec,N"]
[Result "0-1"]
[WhiteElo "2201"]
[BlackElo "2453"]

1.Nf3 d5 2.c4 d4 3.g3 Nc6 4.d3 e5 5.Bg2 Nf6 6.O-O Bg4 7.h3 Bf5 8.Qa4 Nd7
9.Nbd2 Nc5 10.Qc2 Be7 11.a3 a5 12.b3 O-O 13.Rb1 Ne6 14.g4 Bg6 15.Ne4 f5 16.gxf5 Bxf5
17.Ng3 Bg6 18.c5 Nxc5 19.b4 axb4 20.axb4 Nd7 21.b5 Na5 22.Bd2 Ra7 23.Bxa5 Rxa5
24.Rfc1 Ba3 25.Ra1 b6 26.Rcb1 Kh8 27.Nd2 Bb4 28.Nc4 Rxa1 29.Rxa1 Qf6 30.Kh2 e4
31.dxe4 d3 32.Qxd3 Qxa1 33.Qxd7 Bc5 34.Qxc7 Qd4 35.Ne3 Bd6 36.Qc1 Rxf2  0-1

[Event "20th Croatian Cup"]
[Site "Sibenik CRO"]
[Date "2011.05.19"]
[Round "2.64"]
[White "Vukelic,T"]
[Black "Matanovic,Luka"]
[Result "1/2-1/2"]
[WhiteElo "2230"]
[BlackElo "1856"]

1.Nf3 d5 2.c4 d4 3.e3 Nc6 4.d3 e5 5.e4 Nf6 6.Be2 Be7 7.O-O O-O 8.Nbd2 h6
9.a3 a5 10.b3 Nh7 11.Re1 Ng5 12.Nxg5 Bxg5 13.Nf1 Bxc1 14.Qxc1 Be6 15.Ng3 Ne7
16.b4 Qd7 17.Qd2 axb4 18.axb4 Ra4 19.Reb1 Rfa8 20.Qb2 Qd6 21.Rxa4 Rxa4 22.Bd1 Ra6
23.h3  1/2-1/2

[Event "ch-Moscow KO"]
[Site "Moscow RUS"]
[Date "2011.05.20"]
[Round "2.5"]
[White "Chadaev,N"]
[Black "Gavrilov,Al1"]
[Result "1-0"]
[WhiteElo "2577"]
[BlackElo "2478"]

1.Nf3 d5 2.c4 d4 3.b4 Bg4 4.d3 Bxf3 5.gxf3 e5 6.a3 a5 7.f4 exf4 8.Bg2 c6
9.b5 Bd6 10.bxc6 Nxc6 11.Qb3 Qc7 12.Nd2 Nge7 13.Rb1 Rb8 14.Ne4 O-O 15.Qb6 Qxb6
16.Rxb6 Bc7 17.Rb1 b6 18.O-O h6 19.Nd2 g5 20.Bb2 Rfd8 21.Rfc1 Ne5 22.Ba1 Nf5
23.Ne4 Kg7 24.Rb5 f6 25.a4 Nd6 26.Rd5 Nxe4 27.Bxe4 Bd6 28.Bxd4 Nc6 29.Bxb6 Rxb6
30.c5 Bxc5 31.Rdxc5 Nd4 32.Kg2 Nxe2 33.Re1 Nd4 34.Rxa5 Rd7 35.h3 Re7 36.Rc1 Rb4
37.Rc8 f5 38.Bd5 g4 39.h4 f3+ 40.Kg3 Ne2+ 41.Kh2 Rb2 42.Rg8+ Kh7 43.Raa8 g3+
44.Rxg3 Nxg3 45.Kxg3 Rg7+ 46.Kxf3 Rb4 47.Bc4 Rc7 48.Kf4 Kg7 49.Kxf5 Rc5+
50.Kg4 Rc7 51.a5 Ra4 52.a6 Ra1 53.f4 Rg1+ 54.Kf5 Rh1 55.a7 Ra1 56.Rg8+ Kh7
57.a8=Q Rxa8 58.Rxa8 Kg7 59.Ke5 Rc5+ 60.Bd5 Rc1 61.Ra7+ Kg6 62.f5+ Kh5 63.f6 Re1+
64.Kd6 Kg6 65.f7 Kg7 66.Ra8  1-0

[Event "XXX Zalakaros Open"]
[Site "Zalakaros HUN"]
[Date "2011.05.20"]
[Round "1"]
[White "Gonda,L"]
[Black "Korpa,B"]
[Result "1-0"]
[WhiteElo "2541"]
[BlackElo "2226"]

1.Nf3 d5 2.c4 c6 3.g3 Nf6 4.Bg2 Bg4 5.Ne5 e6 6.cxd5 exd5 7.Nxg4 Nxg4 8.e4 Nf6
9.e5 Ne4 10.O-O Be7 11.d4 f5 12.Qh5+ g6 13.Qh6 Bf8 14.Qe3 Be7 15.f3 Ng5 16.e6 Qd6
17.Re1 h5 18.h4 Nh7 19.Qf2 Bf6 20.Bf4 Qb4 21.Be5 Bxe5 22.Rxe5 Nf6 23.Nc3 Qe7
24.Bf1 O-O 25.Ne2 Kg7 26.Nf4 a5 27.Qd2 Ne8 28.a3 a4 29.Qc2 Nd6 30.Rae1 Rc8
31.Bd3 b5 32.Nxg6 Kxg6 33.Bxf5+ Kh6 34.Bh7 Qf6 35.e7 Kg7 36.Rg5+ Kh8 37.e8=Q+  1-0

[Event "XXVI Felix Cup"]
[Site "Baile Felix ROU"]
[Date "2011.05.21"]
[Round "2.14"]
[White "Helmer,J"]
[Black "Simion,N"]
[Result "1-0"]
[WhiteElo "2196"]
[BlackElo "1884"]

1.Nf3 d5 2.c4 c6 3.b3 Nf6 4.g3 Nbd7 5.Bb2 Qc7 6.Bg2 e6 7.O-O Be7 8.d3 O-O
9.Nbd2 b6 10.e4 dxe4 11.dxe4 Bb7 12.e5 Ng4 13.Qe2 g6 14.Rad1 Rfd8 15.h3 Nh6
16.g4 Bf8 17.Ng5 Nc5 18.Nde4 Nxe4 19.Nxe4 c5 20.Nf6+ Kh8 21.f4 Ng8 22.Bxb7 Qxb7
23.Qg2 Qxg2+ 24.Kxg2 Nxf6 25.exf6 Bd6 26.Kf3 Kg8 27.Ke4 Kf8 28.f5 exf5+ 29.gxf5 Bc7
30.Rd5 Rxd5 31.Kxd5 Rd8+ 32.Kc6 Rd2 33.Bc1 Rd6+ 34.Kxc7 Rxf6 35.Bg5 Rxf5
36.Rxf5 gxf5 37.Kd7 Kg7 38.Ke7 Kg6 39.Bf4 f6 40.Ke6 Kg7 41.Kxf5 Kf7 42.Bb8  1-0

[Event "XXVI Felix Cup"]
[Site "Baile Felix ROU"]
[Date "2011.05.21"]
[Round "2.3"]
[White "Grunberg,M"]
[Black "Bonte,Ar"]
[Result "1-0"]
[WhiteElo "2419"]
[BlackElo "2007"]

1.Nf3 d5 2.c4 Nf6 3.cxd5 Nxd5 4.d4 e6 5.e4 Bb4+ 6.Nbd2 Nb6 7.a3 Be7 8.b4 a5
9.b5 c5 10.dxc5 Bxc5 11.Bb2 O-O 12.Qc2 N8d7 13.Be2 Re8 14.O-O a4 15.Rfd1 Qe7
16.h4 e5 17.Nf1 Bd6 18.Qd2 Bb8 19.Rac1 Nf8 20.Ne3 Be6 21.Nxe5 Qxh4 22.Qd4 Bxe5
23.Qxe5 f6 24.Qc7 Nfd7 25.Bf3 Qg5 26.Nd5  1-0

[Event "63rd ch-MNE"]
[Site "Tivat MNE"]
[Date "2011.05.21"]
[Round "1.6"]
[White "Nikcevic,N"]
[Black "Scekic,V"]
[Result "0-1"]
[WhiteElo "2416"]
[BlackElo "2149"]

1.Nf3 d5 2.c4 d4 3.b4 a5 4.Bb2 axb4 5.Bxd4 Bg4 6.e3 Nc6 7.Bb2 e5 8.d3 Nf6
9.Nbd2 Be7 10.Be2 Bxf3 11.Nxf3 e4 12.Nd4 exd3 13.Qxd3 Ne5 14.Qc2 Ned7 15.O-O O-O
16.Rfd1 Re8 17.Nf5 Bf8 18.c5 g6 19.c6 bxc6 20.Nd4 c5 21.Nb3 Qe7 22.a4 bxa3
23.Bf3 Ra6 24.Rxa3 Rb6 25.Na5 Qe6 26.Nc4 Rb4 27.Be2 Bg7 28.Ra7 Nb6 29.Nxb6 cxb6
30.Bc3 Re4 31.Bxf6 Bxf6 32.Bf3 Re5  0-1

[Event "XXVI Felix Cup"]
[Site "Baile Felix ROU"]
[Date "2011.05.22"]
[Round "4.2"]
[White "Grunberg,M"]
[Black "Bonte,An"]
[Result "1-0"]
[WhiteElo "2419"]
[BlackElo "2323"]

1.Nf3 d5 2.c4 d4 3.e3 Nc6 4.d3 e5 5.a3 a5 6.g3 Bc5 7.e4 Nge7 8.Bg2 f6 9.Nh4 O-O
10.O-O g5 11.Nf3 Ng6 12.Ne1 Be6 13.b3 Qd7 14.Ra2 Kh8 15.Rb2 Rf7 16.Bd2 Rg8
17.b4 axb4 18.axb4 Bf8 19.b5 Nd8 20.Bc1 h5 21.f3 h4 22.g4 h3 23.Bxh3 Rh7
24.Bg2 Rh4 25.Rff2 Qh7 26.Bf1 Bc5 27.Nc2 Bc8 28.Nb4 Bxb4 29.Rxb4 Ne6 30.Rbb2 Nef4
31.Nd2 Be6 32.b6 c6 33.Nb3 Qe7 34.Ra2 Kg7 35.Ra7 Bc8 36.Na5 Qd7 37.Nb3 Ne6
38.Qc2 Qd8 39.c5 Ngf4 40.Na5 Kg6 41.Nxb7  1-0

[Event "ch-Siberia Men"]
[Site "Barnaul RUS"]
[Date "2011.05.22"]
[Round "3"]
[White "Dashiev,K"]
[Black "Mokhov,V"]
[Result "1-0"]
[WhiteElo "2115"]
[BlackElo "2287"]

1.Nf3 d5 2.c4 c6 3.e3 Nf6 4.Nc3 e6 5.Qc2 Bd6 6.d4 Nbd7 7.Be2 O-O 8.O-O dxc4
9.Bxc4 b5 10.Bd3 Bb7 11.Ne4 Nxe4 12.Bxe4 f5 13.Bd3 c5 14.Be2 a6 15.dxc5 Nxc5
16.Rd1 Qe7 17.b3 Be4 18.Qc3 Rac8 19.Bb2 Nb7 20.Qe1 e5 21.Rac1 Bc2 22.Rd5 Qe6
23.Rxe5 Bxe5 24.Nxe5 Be4 25.f3 Rxc1 26.Qxc1 Rc8 27.Qd1 Rc2 28.Bd4 Qc8 29.Kf2 Rc1
30.Qd2 Qc2 31.Qb4 Nc5 32.Qa5 h6 33.Qd8+ Kh7 34.Qe7 Qd2 35.Kg3 f4+ 36.Kxf4 Ne6+
37.Qxe6 Qxe2 38.Kxe4 Qxg2 39.Qf5+ Kg8 40.Qf7+ Kh7 41.Ng4 Qc2+ 42.Kf4 Qc7+
43.Qxc7 Rxc7 44.h4 Rc2 45.e4 Rxa2 46.e5 Kg6 47.e6 Re2 48.h5+ Kxh5 49.Ne5 Rc2
50.Kf5 Rc7 51.Ng6 a5 52.Nf4+  1-0

[Event "Orlova Open"]
[Site "Orlova CZE"]
[Date "2011.05.22"]
[Round "2.10"]
[White "Szotkowski,J"]
[Black "Pacl,V"]
[Result "1-0"]
[WhiteElo "1906"]
[BlackElo "2275"]

1.Nf3 d5 2.c4 e6 3.d4 c5 4.Nc3 Nc6 5.e3 Nf6 6.a3 a6 7.dxc5 Bxc5 8.b4 Ba7
9.Bb2 O-O 10.cxd5 exd5 11.Bd3 Qe7 12.Ne2 Ne4 13.Nfd4 Ne5 14.O-O Bb8 15.Ng3 Qh4
16.Qc2 Ng5 17.Bf5 Ne6 18.Rac1 Nxd4 19.Bxd4 Bxf5 20.Qxf5 Ng4 21.h3 Nxf2 22.Ne2  1-0